01118 2200205 4500245006700000020002200067250001100089100002700100700001700127650001700144650001400161650001400175005001900189260003600208041001400244084001600258300002700274500060200301336000900903 aFast Fokus & Siap UTBK SNBT 2025cAhmad Faisal YahdillahhText a978-623-01-4264-2 aCet. 1 aAhmad Faisal Yahdillah aIsfahan Shah aLatihan Soal aSNBT 2025 aSoal UTBK a20250319071303 aYogyakartabPenerbit Andic2024 aIndonesia a371.3 AHM f avi, 498 hlm. :c25 cm. aBuku FAST Fokus dan Siap UTBK - SNBT 2025, hadir membantu para siswa mempersiapkan diri menghadapi 2025. Buku ini berisi paket-paket soal yang menguji kemampuan berpikir dan bernalar kritis yang level kesulitannya disesuaikan dengan ujian yang sesungguhnya. Paket-paket soal dirancang dengan sistematis sehingga siswa dapat mengenali dengan baik beragam bentuk pertanyaan yang biasa diujikan, dan pada akhirnya terbiasa dengan pola-pola yang tersirat di dalamnya. Materi pengantar juga dilampirkan dalam buku ini yang bisa membantu untuk memperbaiki dan merapikan cara berpikir dan bernalar logis. atext